Attitudes and responses of employers to lane community college cooperative work experience /
Saved in:
| Main Author: | |
|---|---|
| Format: | Thesis |
| Language: | English |
| Published: |
Oregon
: University of Oregon,
1983
|
| Subjects: | |
| Tags: |
Add Tag
No Tags, Be the first to tag this record!
|
| LEADER | 012900000a22003250004500 | ||
|---|---|---|---|
| 001 | 105092 | ||
| 005 | 20070613233900.0 | ||
| 008 | 961226s1983 eng | ||
| 035 | |a 359811 | ||
| 035 | |a (Sirsi) 105092 | ||
| 040 | |a UIAM |b eng | ||
| 043 | |a n-us-or | ||
| 049 | |b m | ||
| 050 | |a LC1049.8U62O7 | ||
| 100 | 1 | |a Ismail, Shaban M. | |
| 245 | 1 | 0 | |a Attitudes and responses of employers to lane community college cooperative work experience / |c by Shaban M. Ismail |
| 260 | 1 | |a Oregon |b : University of Oregon, |c 1983 | |
| 300 | |a xiv, 127 p. ; 29 cm. | ||
| 502 | |a (Ph.D.) -- University of Oregon, 1983 | ||
| 596 | |a 1 | ||
| 610 | 2 | 0 | |a Lane Community College (Eugene, Or.) |
| 650 | 0 | |a Education, Cooperative |z Oregon | |
| 650 | 0 | |a Education, Cooperative |z United States | |
| 650 | 0 | |a Career education |z Oregon | |
| 650 | 0 | |a Career education |z United States | |
| 655 | 0 | 7 | |a Theses, non-IIUM |
| 900 | |a imj-zai-naw | ||
| 999 | |c 430832 |d 462323 | ||
| 952 | |0 0 |6 T LC1049.8 U62 O7 I83A 1983 |7 0 |8 THESES |9 750292 |a IIUM |b IIUM |c MULTIMEDIA |g 0.00 |o t LC1049.8 U62 O7 I83A 1983 |p 00010981547 |r 2017-10-19 |t 1 |v 0.00 |y THESIS | ||
| 952 | |0 0 |6 LU T LC1049.8 U62 O7 I83A 1983 |7 0 |8 THESES |9 750293 |a IIUM |b IIUM |c CLOSEACCES |g 0.00 |o lu t LC1049.8 U62 O7 I83A 1983 |p 00000359812 |r 2017-10-25 |t 1 |v 0.00 |y THESIS | ||
